Les Records du Foot - Statistiques

Statistiques générales
  • Ce quiz a été pris 163 fois
  • Le résultat moyen est 10 sur 15
Statistiques - réponses
Question Réponse % Correct
Meilleur buteur de l'histoire de la Ligue des Champions Cristiano Ronaldo
95%
Plus grand nombre de Ballons d'Or Lionel Messi
93%
Quintuplé le plus rapide l'histoire Robert Lewandowski
90%
Plus grand nombre de buts en équipe nationale Cristiano Ronaldo
85%
Meilleur buteur sur UNE édition de la Coupe du Monde Just Fontaine
83%
Meilleur buteur sur UNE édition de Ligue des Champions Cristiano Ronaldo
78%
Meilleur buteur de l'histoire de la Coupe du Monde Miroslav Klose
77%
Meilleur buteur de l'histoire de la Liga Lionel Messi
74%
Meilleur buteur de l'histoire de la Premier League Alan Shearer
59%
Joueur le plus titré de l'histoire Lionel Messi
59%
Plus jeune buteur en finale de Coupe du Monde Pelé
54%
Meilleur buteur de l'histoire de la Bundesliga Gerd Müller
50%
Meilleur buteur de l'histoire de la Serie A Silvio Piola
42%
Meilleur passeur de l'histoire de la Ligue des Champions Cristiano Ronaldo
34%
Plus jeune buteur en finale de Ligue des Champions Patrick Kluivert
27%
Aucun quiz correspondant
Distribution des résultats
% des personnes avec chaque résultat
Percentile par nombre de réponses
Votre historique - résultats
Vous n’avez pas pris ce quiz